000 00505nam a2200181Ia 4500
001 2548
005 20260306144815.0
008 260306t2015||||xx |||||||||||||| ||spa||
041 _aESP
082 _a616.8914
_bY411
100 _aYbarra Sagarduy, José Luis
_eAUT
245 0 _aIntervenciones con apoyo empírico:
_bherramienta fundamental para el psicólogo clínico y la salud
260 _c2015
300 _a219 páginas :
_c23 cm.
650 _aGEN
654 _aCPS
942 _cLIB
_dJUS
_fJUS
_2ddc
_n
999 _c2548
_d2548